Réquiem y otros escritos / (Record no. 17435)

MARC details
000 -LEADER
campo de control de longitud fija 00908nam a2200265 i 4500
001 - NÚMERO DE CONTROL
campo de control 17435
003 - IDENTIFICADOR DE NÚMERO DE CONTROL
campo de control ES-MaACL
005 - FECHA Y HORA DE LA ÚLTIMA TRANSACCIÓN
campo de control 20230906151601.0
007 - CAMPO FIJO DE DESCRIPCIÓN FÍSICA--INFORMACIÓN GENERAL
campo de control de longitud fija t|
008 - DATOS DE LONGITUD FIJA--INFORMACIÓN GENERAL
campo de control de longitud fija 010305s2000 sp ||||1| spa d
020 ## - NÚMERO INTERNACIONAL ESTÁNDAR DEL LIBRO
Número Internacional Estándar del Libro 84-8109-288-6
080 ## - NÚMERO DE LA CLASIFICACIÓN DECIMAL UNIVERSAL
Número de la Clasificación Decimal Universal 821.161.1-14"19"
080 ## - NÚMERO DE LA CLASIFICACIÓN DECIMAL UNIVERSAL
Número de la Clasificación Decimal Universal 821.161.1-94"19"
100 1# - ENTRADA PRINCIPAL--NOMBRE DE PERSONA
Nombre de persona Ajmátova, Anna Andreevna.
9 (RLIN) 19027
245 10 - MENCIÓN DEL TÍTULO
Título Réquiem y otros escritos /
Mención de responsabilidad, etc. Anna Ajmátova ; traducción de José Manuel Prieto ; prólogo de Vladimir Leonóvich ; epílogo de Joseph Brodsky.
260 ## - PUBLICACIÓN, DISTRIBUCIÓN, ETC.
Lugar de publicación, distribución, etc. Barcelona :
Nombre del editor, distribuidor, etc. Galaxia Gutenberg :
-- Círculo de Lectores,
Fecha de publicación, distribución, etc. [2000]
300 ## - DESCRIPCIÓN FÍSICA
Extensión 207 p. ;
Dimensiones 21 p.
490 1# - MENCIÓN DE SERIE
Mención de serie La tragedia de la cultura
700 1# - ENTRADA AGREGADA--NOMBRE PERSONAL
Nombre de persona Prieto, José Manuel.
9 (RLIN) 93894
700 1# - ENTRADA AGREGADA--NOMBRE PERSONAL
Nombre de persona Leonóvich, Vladimir.
9 (RLIN) 71695
700 1# - ENTRADA AGREGADA--NOMBRE PERSONAL
Nombre de persona Brodsky, Joseph.
9 (RLIN) 31861
830 0# - PUNTO DE ACCESO ADICIONAL DE SERIE-TÍTULO UNIFORME
Título uniforme La tragedia de la cultura
9 (RLIN) 180282
852 ## - LOCALIZACIÓN
Ubicación ES-MaACL
Número de control de estantería L-24379
Sublocalización o colección R.129500
Holdings
Estatus retirado Estado de pérdida Estado de daño No para préstamo Biblioteca de origen Biblioteca actual Ubicación en estantería Fecha de adquisición Fuente de adquisición Total de préstamos Signatura topográfica completa Código de barras Visto por última vez Precio de reemplazo Tipo de ítem Koha
        Biblioteca del Ateneo de Madrid Biblioteca del Ateneo de Madrid Depósito 2 17/01/2008     L-24379 1017788 23/02/2023 23/02/2023 Libro impreso